Bruno s Léda

Bibliographic Details
Main Author: Tompa, Andrea, 1971- (Author)
Format: Article
Language:Slovak
Hungarian
PhysicalDescription:Obr.
ISSN:1335-1826
Subjects:

MARC

LEADER 00000nab a2200000 a 4500
001 vtls010293986
003 SK-MaSNL
005 20260304154918.0
008 250507c2011 xo |||||||| |000 b|slo
015 |a SNBRB2011/07  |2 snkbucl 
035 |a (uuid)c7d2d791-6432-4dd7-883e-1923fdd3e08a 
035 |a urn:nbn:sk:snk-ab1wwo 
035 |a (urnnbn)urn:nbn:sk:snk:ar-a015jj 
038 |a SNKBUCL 
040 |a SNKBUCL  |b slo  |c SNKBUCL  |e AACR2 
041 0 |a hun 
044 |a xo  |c SK 
080 |a 821.511.141 (498)-32=511.141  |2 1997 
100 1 |a Tompa, Andrea,  |d 1971-  |4 aut  |9 1473205 
245 1 0 |a Bruno s Léda  |c Tompa Andrea 
300 |b Obr. 
650 0 7 |a psychologické poviedky, maďarské  |2 snkbucl  |9 71096 
773 0 |t Kalligram : művészet és gondolat  |g Évf. XX, sz. június (2011), o. 3-10  |x 1335-1826 
850 |a Slovenská národná knižnica 
852 |a Slovenská národná knižnica 
958 |a article27 
958 |a OND 
958 |a HU 
958 |a LX 
958 |a RO 
999 |c 2959862  |d 2961792